Ponts de Lyon - Statistiques

Statistiques générales
  • Ce quiz a été pris 40 fois
  • Le résultat moyen est 10 sur 31
Statistiques - réponses
nom % Correct
de la Guillotière
63%
de l’Université
63%
Raymond Barre
57%
Lafayette
54%
Bonaparte
49%
Galliéni
49%
Wilson
49%
Morand
46%
Pasteur
46%
Winston Churchill
43%
du Collège
40%
de Perrache
34%
Kitchener-Marchand
34%
de Lattre-de-Tassigny
31%
du Palais-de-Justice
31%
Kœnig
29%
Maréchal-Juin
29%
Clémenceau
23%
de la Mulatière
23%
la Feuillée
23%
Saint Vincent
23%
Schuman
20%
Masaryk
17%
de la Mulatière (M7)
14%
de la Paix
14%
de l’Homme de la Roche
14%
Raymond-Poincaré
11%
sur la Saône (M6)
11%
de Saint-Clair
9%
de la Quarantaine
3%
Paul-Couturier
3%
Aucun quiz correspondant
Distribution des résultats
% des personnes avec chaque résultat
Percentile par nombre de réponses
Votre historique - résultats
Vous n’avez pas pris ce quiz